Obálka Náhled e-knihy:
PDF Epub
Pro půjčování e-knih musíte být přihlášeni.
Jak si půjčit online?

Labyrint pohybu /

"Hýbeme se buď málo, nebo špatně a pohyb se vytrácí nejen ze života, ale i z medicíny," tvrdí profesor Pavel Kolář, renomovaný fyzioterapeut, který už třicet let působí na poli rehabilitační medicíny, potažmo i té sportovní.

Uloženo v:
Hlavní autor: Kolář, Pavel, 1963- (Autor)
Další autoři: Červenková, Renata, 1950- (Autor)
Médium: E-kniha
Jazyk:Czech
Vydáno: Praha : Vyšehrad, 2018
Vydání:Vydání první
Edice:Rozhovory (Vyšehrad)
Témata:
Tagy:
Žádné tagy
LEADER 03664nam a2200733 i 4500
001 310896
003 CZ PrSKC
005 20260601215656.0
007 ta
008 180205s2018 xr af e 000 1dcze
015 |a cnb002977912 
020 |a 9788074299759  |q (vázáno) :  |c Kč 298,00 
035 |a (OCoLC)1039810206 
040 |a BOA001  |b cze  |e rda 
043 |a e-xr--- 
045 |a x6y- 
072 7 |a 615.8  |x Fyzioterapie. Psychoterapie. Alternativní lékařství  |2 Konspekt 
072 7 |a 929  |x Biografie  |2 Konspekt 
080 |a 615.81/.84-051  |2 MRF 
080 |a 378.011.3-051  |2 MRF 
080 |a 929  |2 MRF 
080 |a 615.81/.84  |2 MRF 
080 |a 615.8  |2 MRF 
080 |a 612.76  |2 MRF 
080 |a 796.012  |2 MRF 
080 |a 61:796  |2 MRF 
080 |a (437.3)  |2 MRF 
080 |a (047.53)  |2 MRF 
100 1 |a Kolář, Pavel,  |d 1963-  |7 js20051017096  |4 aut 
245 1 0 |a Labyrint pohybu /  |c Renata Červenková, Pavel Kolář 
250 |a Vydání první 
264 1 |a Praha :  |b Vyšehrad,  |c 2018 
300 |a 264 stran, 2 nečíslované strany obrazových příloh :  |b ilustrace ;  |c 21 cm 
336 |a text  |b txt  |2 rdacontent 
337 |a bez média  |b n  |2 rdamedia 
338 |a svazek  |b nc  |2 rdacarrier 
490 1 |a Rozhovory 
520 2 |a "Hýbeme se buď málo, nebo špatně a pohyb se vytrácí nejen ze života, ale i z medicíny," tvrdí profesor Pavel Kolář, renomovaný fyzioterapeut, který už třicet let působí na poli rehabilitační medicíny, potažmo i té sportovní. 
520 2 |a V soustrojí lidského těla a mysli se snaží najít skutečné příčiny, které ho porouchaly, a správnou léčbou navrátit pacientům ztracené zdraví. V rozhovorech s novinářkou Renátou Červenkovou vysvětluje základní principy lidského pohybu a jeho vývoje a také roli, jakou v něm sehrává náš mozek a třeba i špatné geny, stres, přetěžování, neuspokojivé vztahy, absence spirituality, touha "užívat si"... Odhaluje překvapivé souvislosti, neboť v našem organismu se nic neděje náhodně. Nakladatelská anotace. Kráceno. 
600 1 7 |a Kolář, Pavel,  |d 1963-  |7 js20051017096  |2 czenas 
648 7 |a 20.-21. století  |7 ch462155  |2 czenas 
650 0 7 |a fyzioterapeuti  |7 ph871608  |z Česko  |y 20.-21. století  |2 czenas 
650 0 7 |a vysokoškolští učitelé  |7 ph127282  |z Česko  |y 20.-21. století  |2 czenas 
650 0 7 |a fyzioterapie  |7 ph120452  |2 czenas 
650 0 7 |a léčebná rehabilitace  |7 ph122527  |2 czenas 
650 0 7 |a antropomotorika  |7 ph118534  |2 czenas 
650 0 7 |a sportovní lékařství  |7 ph116251  |2 czenas 
650 0 7 |a holistická medicína  |7 ph114688  |2 czenas 
650 0 9 |a physiotherapists  |z Czechia  |y 20th-21st centuries  |2 eczenas 
650 0 9 |a college teachers  |z Czechia  |y 20th-21st centuries  |2 eczenas 
650 0 9 |a physiotherapy  |2 eczenas 
650 0 9 |a therapeutic rehabilitation  |2 eczenas 
650 0 9 |a anthropomotorics  |2 eczenas 
650 0 9 |a sport medicine  |2 eczenas 
650 0 9 |a holistic medicine  |2 eczenas 
655 7 |a rozhovory  |7 fd133303  |2 czenas 
655 9 |a interviews  |2 eczenas 
700 1 |a Červenková, Renata,  |d 1950-  |7 pna2007370846  |4 aut 
830 0 |a Rozhovory (Vyšehrad) 
900 |a ABA001  |b 21 
044 |a xr 
910 |a RBIT002 
998 |d 178288  |a https://core.palmknihy.cz/api/books/178288/cover?skagty  |b https://core.palmknihy.cz/api/books/178288/cover/400?skagty  |c https://core.palmknihy.cz/api/books/178288/cover/50?skagty  |e 2029-12-31  |g 272  |i 9788074299759  |j https://core.palmknihy.cz/api/books/178288/preview.epub  |k https://core.palmknihy.cz/api/books/178288/preview.pdf  |l   |q 49  |r 1  |s https://www.palmknihy.cz/kniha/178288  |t ebook  |y 2018  |z 0 
999 |d 310894